Průvodce pro interní audit a risk management /

Hlavní autor: Kafka, Tomáš, 1979-
Jazyk: Čeština
Vydáno: Praha : C.H. Beck, 2009
Vydání: Vyd. 1.
Edice: C.H. Beck pro praxi
Témata:
Fyzický popis: xvii, 167 s. : il. ; 24 cm + 1 CD-ROM
Knihy
Uloženo v:
LEADER 01492nam a2200421 a 4500
001 nkc20092008032
003 CZ PrNK
005 20100216081235.0
007 ta
008 091023s2009 xr a e f 001 0 cze
015 |a cnb002008032 
020 |a 978-80-7400-121-5  |q (brož.) 
035 |a (OCoLC)505914391 
040 |a ABA001  |b cze  |d OLA001 
072 7 |a 005  |x Management. Řízení  |2 Konspekt  |9 4 
080 |a 657.6  |2 MRF 
080 |a 005.334:005.332.3  |2 MRF 
080 |a (035)  |2 MRF 
100 1 |a Kafka, Tomáš,  |d 1979-  |7 mzk2005317908  |4 aut 
245 1 0 |a Průvodce pro interní audit a risk management /  |c Tomáš Kafka 
250 |a Vyd. 1. 
260 |a Praha :  |b C.H. Beck,  |c 2009 
300 |a xvii, 167 s. :  |b il. ;  |c 24 cm +  |e 1 CD-ROM 
490 1 |a C.H. Beck pro praxi 
504 |a Obsahuje bibliografii, bibliografické odkazy a rejstřík 
650 0 7 |a interní audit  |7 ph114785  |2 czenas 
650 0 7 |a rizikový management  |7 ph116047  |2 czenas 
650 0 9 |a internal auditing  |2 eczenas 
650 0 9 |a risk management  |2 eczenas 
655 7 |a příručky  |7 fd133209  |2 czenas 
655 9 |a handbooks and manuals  |2 eczenas 
830 0 |a C.H. Beck pro praxi  |0 s 
910 2 |a BOA001  |b 2-1234.787 
990 |a BK 
995 |a 01 
991 |b 201001  |c NOV  |j 005 KAF 
996 6 |b 2610377616  |c 2-1234.787  |l MZK  |r Sklad / do 1 hodiny  |n 1  |p p.v.  |w 001102086  |u 000010  |a 1  |e BOA001  |j MZK50  |s P 
996 7 |b 2610412978  |c 2-1234.787  |l MZK  |r Sklad / do 1 hodiny  |n 44  |p kup  |w 001102086  |u 000020  |a 1  |e BOA001  |j MZK50  |s A